| 000 | 00560cam a2200193ua 4500 | ||
|---|---|---|---|
| 020 | _c39.00 | ||
| 041 |
_aeng _h |
||
| 082 |
_a697.93 _bELO/ST |
||
| 100 | _aElonka, Stephen Michael . | ||
| 245 |
_aStandard refrigeration and air-conditioning Questions and answers / _cStephen Michael Elonka. _hTextual Documents |
||
| 250 |
_a1 / _b. |
||
| 260 |
_aNew Delhi : _bTata Mc-Graw Hill Publishing Company , _c1984. |
||
| 300 | _a424 ; . | ||
| 365 | _a39.00 | ||
| 504 | _a | ||
| 700 | 1 | _aMinich, Quaid Walton . | |
| 942 | _cBK | ||
| 999 |
_c10412 _d10412 |
||